[Event "XLVII Festival A"]
[Site "Imperia ITA"]
[Date "2005.09.03"]
[Round "8"]
[White "Stoppa, Omar"]
[Black "Blasco, Domenico"]
[WhiteElo "2214"]
[BlackElo "1994"]
[Result "1-0"]
[PlyCount "41"]
[EventDate "2005.08.28"]

1. e4 g6 2. d4 Bg7 3. Nf3 c6 4. Bc4 d6 5. O-O e6 6. Nc3 Nf6 7. e5 dxe5 8. dxe5
Nfd7 9. Bg5 Qc7 10. Ne4 Nxe5 11. Nxe5 Bxe5 12. f4 Bg7 13. Nd6+ Kf8 14. f5 gxf5
15. Nxf7 Kxf7 16. Qh5+ Kf8 17. Rad1 Nd7 18. Rxf5+ Nf6 19. Bxf6 Bxf6 20. Rxf6+
Kg8 21. Qg5+ 1-0

[Event "XLVII Festival A"]
[Site "Imperia ITA"]
[Date "2005.09.03"]
[Round "8"]
[White "Sulava, Nenad"]
[Black "Gross, Stefan"]
[WhiteElo "2485"]
[BlackElo "2274"]
[Result "1/2-1/2"]
[PlyCount "74"]
[EventDate "2005.08.28"]

1. d4 Nf6 2. Nf3 g6 3. c4 Bg7 4. Nc3 d5 5. Bf4 c6 6. e3 O-O 7. Qb3 Qb6 8. Qxb6
axb6 9. cxd5 Nxd5 10. Nxd5 cxd5 11. Kd2 Bf5 12. Bxb8 Rfxb8 13. Bd3 Bxd3 14.
Kxd3 Rc8 15. Rhc1 Kf8 16. Rc3 Ke8 17. Kc2 e6 18. Kb3 Rc6 19. Rac1 Kd7 20. a3 f6
21. Ne1 Bf8 22. Nd3 Bd6 23. h3 e5 24. dxe5 fxe5 25. f3 e4 26. fxe4 dxe4 27. Nf2
Re8 28. Rxc6 bxc6 29. Rc4 b5 30. Rxe4 Rf8 31. Nd3 c5 32. Ne5+ Bxe5 33. Rxe5 Kd6
34. Re4 Rf2 35. Rg4 Re2 36. Rg3 Kd5 37. Rg5+ Kd6 1/2-1/2

[Event "XLVII Festival A"]
[Site "Imperia ITA"]
[Date "2005.09.03"]
[Round "8"]
[White "Tasic, Branislav"]
[Black "Cichy, Miroslav"]
[WhiteElo "2245"]
[BlackElo "2096"]
[Result "1-0"]
[PlyCount "37"]
[EventDate "2005.08.28"]

1. Nf3 Nf6 2. d4 c5 3. d5 d6 4. Nc3 g6 5. e4 Bg7 6. Be2 O-O 7. O-O a6 8. a4 e5
9. dxe6 fxe6 10. Be3 Ng4 11. Bg5 Qc7 12. h3 Ne5 13. Qd2 Nbc6 14. Nxe5 Bxe5 15.
Nd1 Nd4 16. Bc4 Rf3 17. c3 Rxh3 18. f4 Rg3 19. fxe5 1-0

[Event "XLVII Festival A"]
[Site "Imperia ITA"]
[Date "2005.09.04"]
[Round "9"]
[White "Arlandi, Ennio"]
[Black "Banas, Jan"]
[WhiteElo "2432"]
[BlackElo "2367"]
[Result "1-0"]
[PlyCount "91"]
[EventDate "2005.08.28"]

1. d4 Nf6 2. c4 g6 3. Nc3 d5 4. cxd5 Nxd5 5. e4 Nxc3 6. bxc3 Bg7 7. Bc4 c5 8.
Ne2 O-O 9. O-O Nc6 10. Be3 Na5 11. Bd3 b6 12. Rc1 Bb7 13. Qd2 cxd4 14. cxd4 e6
15. h4 Qd7 16. Bh6 Rac8 17. Bxg7 Kxg7 18. h5 Rxc1 19. h6+ Kg8 20. Rxc1 f6 21.
Qf4 e5 22. Qg3 Nc6 23. Bb5 Qd6 24. Qb3+ Kh8 25. Bxc6 Bxc6 26. d5 Bd7 27. Qc3
Rf7 28. Ng3 Qf8 29. Qd2 Qd6 30. Rc3 Kg8 31. Qc1 Kf8 32. Nf1 b5 33. Rc7 Be8 34.
Rc8 Rd7 35. Rc6 Qe7 36. Re6 Qd8 37. Qc5+ Kf7 38. Qxb5 Rc7 39. Qb3 Kf8 40. Ra6
Kg8 41. Qa3 f5 42. Rxa7 fxe4 43. Ra8 Qe7 44. Qb2 Qf7 45. Qxe5 Re7 46. Qd4 1-0

[Event "XLVII Festival A"]
[Site "Imperia ITA"]
[Date "2005.09.04"]
[Round "9"]
[White "Barlocco, Carlo"]
[Black "Del Dotto, Riccardo"]
[WhiteElo "2235"]
[BlackElo "2127"]
[Result "1/2-1/2"]
[PlyCount "148"]
[EventDate "2005.08.28"]

1. Nf3 d5 2. d4 c6 3. c4 Nf6 4. g3 a6 5. Bg2 dxc4 6. Ne5 e6 7. Nc3 c5 8. Be3
Nbd7 9. Nxc4 cxd4 10. Qxd4 Bc5 11. Qd2 O-O 12. O-O Qe7 13. Rfd1 Rb8 14. Rac1 b6
15. Nd6 Bxd6 16. Qxd6 Qxd6 17. Rxd6 Ng4 18. Nd1 Nxe3 19. Nxe3 Nf6 20. Nc4 b5
21. Ne5 g6 22. g4 h6 23. h4 Nd5 24. Bxd5 exd5 25. Rxd5 Re8 26. e3 Rb6 27. Nd7
Rbe6 28. Rc7 Kg7 29. Rdc5 Bxd7 30. Rxd7 Re4 31. g5 Rxh4 32. gxh6+ Rxh6 33. Rcc7
Rf8 34. Rd6 Rh5 35. Rxa6 Rg5+ 36. Kf1 Rd8 37. Ke2 Rgd5 38. Rc2 R8d7 39. Rac6
Kf8 40. a3 Ke7 41. Rc7 Rd2+ 42. Rxd2 Rxc7 43. Kd3 Ke6 44. Rc2 Rb7 45. Rc8 Ke5
46. Rc5+ Kd6 47. Kd4 f6 48. Rc8 Rh7 49. Rc2 Rh4+ 50. Kd3 g5 51. b4 Rh2 52. Ke4
g4 53. Kf4 Rg2 54. Rc5 Rxf2+ 55. Kxg4 Ra2 56. Rxb5 Rxa3 57. Kf4 Rb3 58. Rb6+
Kc7 59. Rxf6 Rxb4+ 60. e4 Kd7 61. Kf5 Rb1 62. Rf7+ Ke8 63. Ra7 Rh1 64. e5 Rh5+
65. Ke6 Rh6+ 66. Kd5 Rb6 67. Rh7 Ra6 68. Rb7 Rg6 69. Ke4 Rh6 70. Kf4 Rg6 71.
Rb8+ Ke7 72. Kf5 Rh6 73. Rb7+ Ke8 74. e6 Rh1 1/2-1/2

[Event "XLVII Festival A"]
[Site "Imperia ITA"]
[Date "2005.09.04"]
[Round "9"]
[White "Blasco, Domenico"]
[Black "Astengo, Marcello"]
[WhiteElo "1994"]
[BlackElo "2096"]
[Result "0-1"]
[PlyCount "80"]
[EventDate "2005.08.28"]

1. d4 d5 2. Nf3 c5 3. c3 Nc6 4. Bf4 Qb6 5. Qd2 Nf6 6. dxc5 Qxc5 7. b4 Qb6 8. e3
g6 9. Na3 Ne4 10. Qb2 Bg7 11. Rc1 O-O 12. Qb3 e5 13. Bg3 Be6 14. Qb1 Bf5 15.
Qb3 Be6 16. Qb1 f5 17. b5 f4 18. bxc6 fxg3 19. hxg3 bxc6 20. Be2 Qa5 21. Qb4
Qc7 22. O-O Rab8 23. Qa4 Rb2 24. Rc2 Rfb8 25. Rfc1 Bf6 26. Rxb2 Rxb2 27. Rc2
Nc5 28. Nb5 cxb5 29. Qa3 Rxc2 30. Bd1 Bf5 31. Ne1 Rd2 32. Qc1 Rxa2 33. Bf3 Ne4
34. Nd3 Qxc3 35. Qxc3 Nxc3 36. Nb4 Ra1+ 37. Kh2 Be4 38. Bg4 a5 39. Be6+ Kg7 40.
Nc6 b4 0-1

[Event "XLVII Festival A"]
[Site "Imperia ITA"]
[Date "2005.09.04"]
[Round "9"]
[White "Cichy, Miroslav"]
[Black "Spatola, Davide"]
[WhiteElo "2096"]
[BlackElo "2102"]
[Result "1/2-1/2"]
[PlyCount "103"]
[EventDate "2005.08.28"]

1. e4 g6 2. d4 Bg7 3. Nc3 d6 4. f4 Nf6 5. Nf3 Nc6 6. e5 dxe5 7. fxe5 Nd5 8. Bc4
Nb6 9. Be2 O-O 10. Be3 Bf5 11. Nh4 Be6 12. b3 f6 13. Bg4 Qd7 14. Bxe6+ Qxe6 15.
Nf3 Rad8 16. O-O Nxe5 17. Nxe5 fxe5 18. Rxf8+ Rxf8 19. d5 Qf5 20. Qd2 Rd8 21.
Rd1 e6 22. Rf1 Qg4 23. h3 Qb4 24. a3 Qxa3 25. Nb5 Qe7 26. d6 Qd7 27. Bg5 Rf8
28. Nxc7 Rxf1+ 29. Kxf1 Bf8 30. c4 Bxd6 31. Nb5 Qf7+ 32. Qf2 Qxf2+ 33. Kxf2
Bc5+ 34. Kf3 Nd7 35. Be3 a5 36. Bg5 Bb4 37. Ke4 Kf7 38. Be3 Kf6 39. Nc7 Ke7 40.
Bg5+ Kd6 41. Nb5+ Kc6 42. Be3 Bc5 43. Bc1 Bf2 44. Ba3 Bg3 45. Na7+ Kb6 46. Nc8+
Kc7 47. Nd6 h5 48. Kd3 h4 49. Nf7 Bf4 50. Nh8 g5 51. Nf7 b6 52. Be7 1/2-1/2

[Event "XLVII Festival A"]
[Site "Imperia ITA"]
[Date "2005.09.04"]
[Round "9"]
[White "Dolezal, Radoslav jr"]
[Black "Kantorik, Marian"]
[WhiteElo "2390"]
[BlackElo "2342"]
[Result "1-0"]
[PlyCount "87"]
[EventDate "2005.08.28"]

1. d4 f5 2. Nf3 g6 3. g3 Bg7 4. Bg2 Nf6 5. O-O O-O 6. c4 d6 7. Qb3 Kh8 8. Ng5
c6 9. d5 Qc7 10. Nc3 h6 11. Nh3 e5 12. dxe6 Bxe6 13. Nf4 Bf7 14. e4 g5 15. Nfe2
fxe4 16. Nxe4 Nxe4 17. Bxe4 b5 18. Bb1 bxc4 19. Qc2 Bg8 20. h4 Bf6 21. hxg5
hxg5 22. Nc3 d5 23. Kg2 Bh7 24. Rh1 Rf7 25. Qf5 Qe7 26. Qc8+ Qd8 27. Bxh7 Rxh7
28. Rxh7+ Kxh7 29. Qf5+ Kg7 30. Bxg5 Bxg5 31. Rh1 Bh6 32. Qe5+ Qf6 33. Qxf6+
Kxf6 34. Rxh6+ Kg7 35. Re6 Na6 36. Rxc6 Nb4 37. Rc7+ Kg6 38. a3 Nd3 39. Nxd5
Nxb2 40. Ne3 Rf8 41. Nxc4 Nd3 42. f4 Rb8 43. Rxa7 Rb3 44. Ra4 1-0

[Event "XLVII Festival A"]
[Site "Imperia ITA"]
[Date "2005.09.04"]
[Round "9"]
[White "Feistenauer, Harald"]
[Black "Puobis, Jozef"]
[WhiteElo "2100"]
[BlackElo "2051"]
[Result "1/2-1/2"]
[PlyCount "49"]
[EventDate "2005.08.28"]

1. c4 e6 2. g3 d5 3. Bg2 c6 4. Qc2 Nf6 5. Nf3 Nbd7 6. d4 dxc4 7. Qxc4 Ne4 8.
Nc3 Ndf6 9. O-O Nxc3 10. bxc3 Qa5 11. Qd3 Qd5 12. Qd2 Qf5 13. Ne5 Nd7 14. g4
Qf6 15. f4 Bd6 16. Nc4 Be7 17. e4 O-O 18. Qe2 g6 19. e5 Qg7 20. g5 Rd8 21. Be3
Nb6 22. Nd2 Nd5 23. Ne4 Nxe3 24. Qxe3 h6 25. Nf6+ 1/2-1/2

[Event "XLVII Festival A"]
[Site "Imperia ITA"]
[Date "2005.09.04"]
[Round "9"]
[White "Fossati, Remigio"]
[Black "Haba, Zdenek"]
[WhiteElo "2133"]
[BlackElo "2277"]
[Result "1/2-1/2"]
[PlyCount "37"]
[EventDate "2005.08.28"]

1. e4 c5 2. Nf3 e6 3. c3 Qa5 4. Na3 d6 5. Nc4 Qc7 6. d4 b5 7. Ncd2 Bd7 8. Bd3
Ne7 9. Qe2 h6 10. O-O Ng6 11. g3 e5 12. dxe5 dxe5 13. a4 bxa4 14. Bc2 Be7 15.
Bxa4 Nc6 16. Bb5 a5 17. Nc4 O-O 18. Ne3 Rfb8 19. Ba4 1/2-1/2

[Event "XLVII Festival A"]
[Site "Imperia ITA"]
[Date "2005.09.04"]
[Round "9"]
[White "Hodova, Lucie"]
[Black "Cugini, Verter"]
[WhiteElo "2112"]
[BlackElo "2210"]
[Result "0-1"]
[PlyCount "80"]
[EventDate "2005.08.28"]

1. e4 e6 2. d4 d5 3. e5 c5 4. c3 Nc6 5. Nf3 Qb6 6. Be2 cxd4 7. cxd4 Bd7 8. O-O
Nge7 9. Na3 Nf5 10. Nc2 Be7 11. Rb1 O-O 12. b4 Rac8 13. g4 Nh4 14. Nxh4 Bxh4
15. Be3 Ne7 16. b5 f5 17. f4 fxg4 18. Bxg4 Nf5 19. Bxf5 Rxf5 20. Qd3 Be8 21.
Qe2 Bg6 22. Rbc1 Rff8 23. Na1 Be7 24. Nb3 Ba3 25. Rxc8 Rxc8 26. Nc5 Bf5 27. Bf2
Rc7 28. Rd1 h6 29. Qf1 Qa5 30. Be1 Bb4 31. Bxb4 Qxb4 32. Qe2 Kh7 33. a4 b6 34.
Na6 Qc3 35. Qd2 Rc8 36. Nb4 Qb3 37. Ra1 Rc4 38. Nc6 Rc2 39. Qe1 Be4 40. Kf1
Qf3+ 0-1

[Event "XLVII Festival A"]
[Site "Imperia ITA"]
[Date "2005.09.04"]
[Round "9"]
[White "Jurek, Josef"]
[Black "Gross, Stefan"]
[WhiteElo "2381"]
[BlackElo "2274"]
[Result "1-0"]
[PlyCount "87"]
[EventDate "2005.08.28"]

1. d4 g6 2. c4 Bg7 3. Nf3 c5 4. d5 d6 5. e4 Nf6 6. Nc3 O-O 7. h3 b5 8. cxb5 a6
9. bxa6 Nbd7 10. Be2 Qa5 11. O-O Bxa6 12. Re1 Rfd8 13. Bg5 h6 14. Bf4 Qb4 15.
Qc2 Bxe2 16. Rxe2 Nb6 17. Rd1 Na4 18. Nxa4 Qxa4 19. b3 Qa6 20. Qd3 Qxd3 21.
Rxd3 Ra6 22. Rdd2 Kf8 23. Rc2 Rda8 24. Bc1 Nd7 25. Bb2 Bxb2 26. Rxb2 f6 27.
Rec2 Rb6 28. Nd2 Kf7 29. Nc4 Rb7 30. Kf1 f5 31. exf5 gxf5 32. g3 Nf6 33. Ne3
Kg6 34. Rc4 Rba7 35. a4 Rb7 36. Rf4 Rab8 37. Nxf5 Nxd5 38. Rf3 Ra7 39. Rd2 Nf6
40. Nh4+ Kf7 41. Nf5 Kg6 42. Re2 Rbb7 43. Re6 Kf7 44. Rxf6+ 1-0

[Event "XLVII Festival A"]
[Site "Imperia ITA"]
[Date "2005.09.04"]
[Round "9"]
[White "Kalod, Radek"]
[Black "Dunis, Aurelien"]
[WhiteElo "2492"]
[BlackElo "2485"]
[Result "1/2-1/2"]
[PlyCount "80"]
[EventDate "2005.08.28"]

1. e4 c6 2. d4 d5 3. exd5 cxd5 4. c4 Nf6 5. Nc3 e6 6. Nf3 Be7 7. cxd5 Nxd5 8.
Bd3 O-O 9. O-O Nc6 10. Re1 Bf6 11. Be4 Nce7 12. Qd3 h6 13. Ne5 Nc6 14. a3 Nxc3
15. Nxc6 bxc6 16. bxc3 Bd7 17. Bf4 Rc8 18. Rab1 Qa5 19. c4 Qa6 20. Re3 Rfd8 21.
c5 Qxd3 22. Rxd3 Be8 23. Bd6 Rd7 24. f4 Be7 25. Bxe7 Rxe7 26. Kf2 Kf8 27. Ke3
f6 28. g3 Bf7 29. Rdb3 e5 30. Rb8 exf4+ 31. Kxf4 g5+ 32. Kf3 Rxb8 33. Rxb8+ Re8
34. Rxe8+ Bxe8 35. h4 Bd7 36. Ke3 Ke7 37. Bf3 Ke6 38. Bg2 f5 39. hxg5 hxg5 40.
Bh1 Be8 1/2-1/2

[Event "XLVII Festival A"]
[Site "Imperia ITA"]
[Date "2005.09.04"]
[Round "9"]
[White "Lacrosse, Marc"]
[Black "Biolek, Richard jr"]
[WhiteElo "2242"]
[BlackElo "2155"]
[Result "1/2-1/2"]
[PlyCount "36"]
[EventDate "2005.08.28"]

1. d4 d5 2. c4 c6 3. cxd5 cxd5 4. Nf3 Nc6 5. Nc3 Nf6 6. Bf4 Nh5 7. Be5 f6 8.
Bg3 Nxg3 9. hxg3 g6 10. e3 Bg7 11. Rc1 Be6 12. Be2 O-O 13. O-O Bf7 14. Na4 Qd6
15. Qc2 Rac8 16. Qc5 Qxc5 17. Nxc5 b6 18. Nb3 Nb8 1/2-1/2

[Event "XLVII Festival A"]
[Site "Imperia ITA"]
[Date "2005.09.04"]
[Round "9"]
[White "Malano, Francesco"]
[Black "De Marco, Walter"]
[WhiteElo "2034"]
[BlackElo "2055"]
[Result "1-0"]
[PlyCount "115"]
[EventDate "2005.08.28"]

1. Nf3 g6 2. g3 Bg7 3. Bg2 c6 4. O-O d6 5. d4 Nf6 6. b3 O-O 7. Bb2 b5 8. e3 Bb7
9. Nfd2 Qc7 10. c4 a6 11. Nc3 Nbd7 12. Rc1 b4 13. Ne2 e5 14. d5 c5 15. Qc2 h6
16. a4 a5 17. e4 Nh7 18. Bh3 Bc8 19. f3 Nb6 20. Bxc8 Nxc8 21. g4 Ne7 22. Ng3
Qd7 23. h3 f5 24. Rce1 f4 25. Nh1 Bf6 26. Re2 Bh4 27. Rg2 Ng5 28. Kh2 Kg7 29.
Nf2 Rh8 30. Rh1 h5 31. Kg1 Rh7 32. Nd3 Kg8 33. Qd1 Rf8 34. Kf1 Rff7 35. Bxe5
dxe5 36. Nxe5 Qc7 37. Nxf7 Kxf7 38. Qa1 Ke8 39. e5 Qb7 40. Qb1 Nxd5 41. Qxg6+
Kf8 42. cxd5 Qxd5 43. Qd6+ Qxd6 44. exd6 Rd7 45. Nc4 Nxf3 46. gxh5 Bg3 47. Rxg3
fxg3 48. Kg2 Nd4 49. Rb1 Kg7 50. Kxg3 Kh6 51. Kf4 Nc6 52. Ke4 Rf7 53. Ne5 Nxe5
54. Kxe5 Rf3 55. Kd5 Rd3+ 56. Kc6 c4 57. bxc4 Rd4 58. c5 1-0

[Event "XLVII Festival A"]
[Site "Imperia ITA"]
[Date "2005.09.04"]
[Round "9"]
[White "Mueller, Ralf"]
[Black "Likavsky, Tomas"]
[WhiteElo "2342"]
[BlackElo "2493"]
[Result "1-0"]
[PlyCount "113"]
[EventDate "2005.08.28"]

1. c4 Nf6 2. Nc3 e5 3. g3 d5 4. cxd5 Nxd5 5. Bg2 Nb6 6. Nf3 Nc6 7. d3 Be7 8.
O-O O-O 9. Be3 Bg4 10. h3 Bf5 11. b3 Re8 12. Ne4 Nd5 13. Bd2 Ba3 14. Nc3 Nf6
15. Nb5 Bf8 16. e4 Be6 17. Be3 a6 18. Nc3 Qd7 19. Kh2 Rad8 20. Qc1 Bb4 21. Rd1
Qe7 22. Na4 Nd4 23. Nxd4 exd4 24. Bf4 b5 25. a3 Bxb3 26. axb4 bxa4 27. Re1 Qxb4
28. Bg5 Qc3 29. Qf4 Qxd3 30. e5 Qg6 31. exf6 h6 32. Bh4 d3 33. Be4 Rxe4 34.
Rxe4 d2 35. Rd4 Rxd4 36. Qxd4 d1=Q 37. Rxd1 Bxd1 38. Qxd1 Qf5 39. g4 Qf4+ 40.
Bg3 Qxf6 41. Qxa4 c5 42. Qe8+ Kh7 43. Qc8 Qb6 44. Qc7 Qxc7 45. Bxc7 Kg6 46. Kg3
Kf6 47. Bb6 c4 48. Bd4+ Kg6 49. Bc3 f6 50. Kf4 h5 51. f3 hxg4 52. hxg4 Kf7 53.
Kf5 Ke7 54. Kg6 Kf8 55. f4 Kg8 56. g5 fxg5 57. fxg5 1-0

[Event "XLVII Festival A"]
[Site "Imperia ITA"]
[Date "2005.09.04"]
[Round "9"]
[White "Poloch, Petr"]
[Black "Sulava, Nenad"]
[WhiteElo "2294"]
[BlackElo "2485"]
[Result "0-1"]
[PlyCount "56"]
[EventDate "2005.08.28"]

1. e4 d6 2. d4 Nf6 3. Bd3 e5 4. Nf3 Nc6 5. c3 g6 6. O-O Bg7 7. h3 O-O 8. Be3
Nh5 9. Bc4 Qe7 10. Bg5 Qe8 11. Re1 Kh8 12. Na3 h6 13. Be3 a6 14. Qd2 g5 15. h4
f6 16. g3 Qg6 17. hxg5 fxg5 18. Nh2 Bh3 19. Bd5 exd4 20. Bxd4 Nxd4 21. cxd4 c6
22. Bb3 c5 23. dxc5 dxc5 24. e5 Rad8 25. Qe3 Qc6 26. f3 Nxg3 27. Nc4 b5 28. Nd6
Rxd6 0-1

[Event "XLVII Festival A"]
[Site "Imperia ITA"]
[Date "2005.09.04"]
[Round "9"]
[White "Sarmir, Milos"]
[Black "Van Hoolandt, Patrick"]
[WhiteElo "2154"]
[BlackElo "2191"]
[Result "1/2-1/2"]
[PlyCount "127"]
[EventDate "2005.08.28"]

1. e4 e5 2. Nf3 Nc6 3. Bb5 Nf6 4. O-O Nxe4 5. Re1 Nd6 6. Nxe5 Be7 7. Ba4 Nxe5
8. Rxe5 O-O 9. c3 Nc4 10. Re1 d5 11. d4 Bf5 12. Nd2 Nd6 13. Nf1 c6 14. Bf4 Re8
15. Ne3 Bg6 16. Ng4 Nc4 17. Qc1 Qd7 18. Ne3 Nxe3 19. Rxe3 Bf6 20. Qd2 Rxe3 21.
Bxe3 Re8 22. Re1 Qe6 23. Bd1 Bd8 24. f3 Bh4 25. g3 Bd8 26. Re2 f6 27. Bf4 Qd7
28. Qe1 Rxe2 29. Qxe2 Kf7 30. Kf2 Qe6 31. g4 Bb1 32. a3 Qxe2+ 33. Kxe2 Be7 34.
Bb8 a6 35. h4 f5 36. h5 fxg4 37. fxg4 Bg5 38. b3 Bc1 39. Bd6 Ke6 40. Be5 g6 41.
a4 gxh5 42. gxh5 Kf5 43. Bd6 Kg5 44. Ke1 Bf5 45. Bf8 Bg4 46. Bh6+ Kxh6 47. Bxg4
b6 48. b4 Ba3 49. Kd2 a5 50. bxa5 bxa5 51. Kd3 c5 52. Bf3 cxd4 53. Kxd4 Bb2 54.
Kd3 Kg5 55. Kc2 Ba1 56. Bxd5 Kxh5 57. Be4 h6 58. Kd3 Kg5 59. c4 Kf6 60. c5 Ke6
61. Bf3 Kd7 62. Kc4 Kc7 63. Bh5 Bg7 64. Kb5 1/2-1/2

[Event "XLVII Festival A"]
[Site "Imperia ITA"]
[Date "2005.09.04"]
[Round "9"]
[White "Simek, Jiri"]
[Black "Pepino, Enrico"]
[WhiteElo "2193"]
[BlackElo "2149"]
[Result "0-1"]
[PlyCount "84"]
[EventDate "2005.08.28"]

1. e4 c5 2. Nf3 d6 3. d4 cxd4 4. Nxd4 Nf6 5. Nc3 g6 6. Be3 Bg7 7. f3 O-O 8. Qd2
Nc6 9. O-O-O Nxd4 10. Bxd4 Be6 11. h4 Qa5 12. Kb1 Rfc8 13. a3 Rab8 14. Bxf6
Bxf6 15. Nd5 Qxd2 16. Nxf6+ Kg7 17. Nh5+ Kh6 18. Rxd2 Kxh5 19. g4+ Kh6 20. Be2
Kg7 21. Rd4 f6 22. f4 Bf7 23. g5 Rc5 24. Bg4 b6 25. Rh3 Rb7 26. b4 Rc4 27. Rxc4
Bxc4 28. Rc3 b5 29. Kb2 h5 30. Bf3 Rb8 31. a4 fxg5 32. axb5 g4 33. Rxc4 gxf3
34. Rc3 Rxb5 35. Ka3 a5 36. bxa5 Rxa5+ 37. Kb3 Rb5+ 38. Ka3 Rc5 39. Rxf3 Rxc2
40. f5 Rc4 41. Re3 gxf5 42. exf5 Kf7 0-1

[Event "XLVII Festival A"]
[Site "Imperia ITA"]
[Date "2005.09.04"]
[Round "9"]
[White "Spirek, Adam"]
[Black "Faraci, Antonino"]
[WhiteElo "2050"]
[BlackElo "2067"]
[Result "1/2-1/2"]
[PlyCount "97"]
[EventDate "2005.08.28"]

1. e4 c5 2. Nf3 a6 3. d4 cxd4 4. Nxd4 Nf6 5. Nc3 e5 6. Nb3 d6 7. a4 Be7 8. Be2
O-O 9. O-O Be6 10. Bf3 Nbd7 11. a5 Qc7 12. Be3 b5 13. axb6 Nxb6 14. Na5 Nc4 15.
Nxc4 Bxc4 16. Re1 Rfb8 17. Bc1 h6 18. Be2 a5 19. Bxc4 Qxc4 20. Qe2 Qc6 21. Rd1
Rc8 22. Ra4 Bd8 23. Rd3 Qd7 24. b3 Rab8 25. Ba3 Rc6 26. Nd5 Nxd5 27. Rxd5 Qc7
28. Kf1 Rxc2 29. Bxd6 Rc1+ 30. Rd1 Rxd1+ 31. Qxd1 Qd7 32. Ra1 Qb5+ 33. Qe2
Qxe2+ 34. Kxe2 Rxb3 35. Bxe5 Rb5 36. Bc3 Kf8 37. Kd3 f6 38. Kc4 Rh5 39. h3 Ke7
40. Ra3 Ke6 41. Bd4 f5 42. Bxg7 fxe4 43. g4 Rh4 44. Re3 Kf7 45. Be5 h5 46. Rxe4
Rxh3 47. gxh5 Rxh5 48. Kd5 Rh6 49. f4 1/2-1/2

[Event "XLVII Festival A"]
[Site "Imperia ITA"]
[Date "2005.09.04"]
[Round "9"]
[White "Tasic, Branislav"]
[Black "Stoppa, Omar"]
[WhiteElo "2245"]
[BlackElo "2214"]
[Result "1-0"]
[PlyCount "37"]
[EventDate "2005.08.28"]

1. d4 Nf6 2. Nf3 g6 3. c4 c5 4. Nc3 cxd4 5. Nxd4 Nc6 6. Nc2 Bg7 7. e4 h5 8. Be2
d6 9. O-O Ng4 10. h3 e6 11. hxg4 Qh4 12. gxh5 gxh5 13. f4 Rg8 14. Qe1 Qe7 15.
Be3 h4 16. Kh2 d5 17. e5 dxc4 18. Ne4 Bd7 19. Bc5 1-0

[Event "XLVII Festival A"]
[Site "Imperia ITA"]
[Date "2005.09.04"]
[Round "9"]
[White "Vozza, Nicola"]
[Black "Mercandelli, Claudio"]
[WhiteElo "2005"]
[BlackElo "2105"]
[Result "1/2-1/2"]
[PlyCount "28"]
[EventDate "2005.08.28"]

1. d4 Nf6 2. e3 g6 3. Bd3 Bg7 4. Nd2 O-O 5. Ngf3 d6 6. b3 Nc6 7. Bb2 e5 8. dxe5
Ng4 9. Nc4 Ngxe5 10. Nfxe5 Nxe5 11. Nxe5 Bxe5 12. Bxe5 dxe5 13. Be4 c6 14. O-O
Be6 1/2-1/2

[Event "XLVII Festival A"]
[Site "Imperia ITA"]
[Date "2005.09.04"]
[Round "9"]
[White "Zakoucka, Adela"]
[Black "Schwanengel, Ulrich"]
[WhiteElo "2031"]
[BlackElo "2097"]
[Result "1/2-1/2"]
[PlyCount "35"]
[EventDate "2005.08.28"]

1. e4 e5 2. Nf3 Nc6 3. Bb5 a6 4. Ba4 Nf6 5. d4 exd4 6. O-O Be7 7. Re1 b5 8. Bb3
d6 9. Bd5 Nxd5 10. exd5 Ne5 11. Nxd4 O-O 12. a4 Bg4 13. f3 Bd7 14. Nc3 b4 15.
Ne4 c5 16. dxc6 Nxc6 17. Bf4 d5 18. Nf2 1/2-1/2

[Event "VII Open"]
[Site "Crema ITA"]
[Date "2005.09.03"]
[Round "4"]
[White "Sanchez, Joseph"]
[Black "Cocozza, Mario"]
[Result "0-1"]
[WhiteElo "2452"]
[BlackElo "2346"]
[PlyCount "86"]
[EventDate "2005.09.02"]

1. e4 c6 2. d4 d5 3. f3 dxe4 4. fxe4 e5 5. Nf3 Be6 6. c3 Nd7 7. Bd3 Bd6 8. O-O
Ngf6 9. Kh1 O-O 10. Bg5 Be7 11. Qe1 h6 12. Bh4 Nh5 13. Bxe7 Qxe7 14. Nbd2 Nf4
15. Bc2 Ng6 16. Qg3 Rad8 17. Rae1 Qd6 18. h4 Qb8 19. h5 Ne7 20. Nh4 exd4 21. e5
Nc5 22. cxd4 Rxd4 23. Ndf3 Rd5 24. Nh2 f5 25. N4f3 Nd3 26. Ng5 f4 27. Qxd3 Rxd3
28. Nxe6 Rd2 29. Bb3 Rf5 30. Nd4+ Kh7 31. Nxf5 Nxf5 32. Kg1 Qe8 33. Rxf4 Qxh5
34. e6 Ng3 35. Rf2 Qc5 36. Ng4 Re2 37. Rexe2 Nxe2+ 38. Kf1 Ng3+ 39. Kg1 h5 40.
Bc2+ Kg8 41. Nh2 Nh1 42. Kxh1 Qxf2 43. Nf3 Qxc2 0-1

[Event "VII Festival A"]
[Site "Trieste ITA"]
[Date "2005.09.03"]
[Round "1"]
[White "Batic, Aleksander"]
[Black "Jovanic, Ognjen"]
[Result "0-1"]
[WhiteElo "1855"]
[BlackElo "2447"]
[PlyCount "86"]
[EventDate "2005.09.03"]

1.d4 Nf6 2.c4 e6 3.Nc3 Bb4 4.Qc2 c5 5.Nf3 cxd4 6.Nxd4 Nc6 7.Nxc6 bxc6 8.
Bg5 h6 9.Bxf6 Qxf6 10.Rc1 Rb8 11.Qd2 O-O 12.a3 Be7 13.e3 Qg6 14.g3 d5 15.
Bd3 Qg4 16.Be2 Qh3 17.Bf1 Qh5 18.Be2 Qf5 19.O-O Bf6 20.Rfe1 Rd8 21.cxd5 
cxd5 22.Bd3 Qe5 23.f4 Qd6 24.Nb5 Qb6 25.b4 a6 26.Nc3 Bd7 27.Bb1 a5 28.Na2 
axb4 29.Qxb4 Qa6 30.Qd2 Qxa3 31.h4 Rb2 32.Rc2 Rdb8 33.Rxb2 Rxb2 34.Qc1 g6 
35.h5 gxh5 36.Qc7 Bb5 37.f5 Rxb1 38.Rxb1 Qxe3+ 39.Kh2 Qe2+ 40.Kh3 Bd3 41.
Rg1 Bxf5+ 42.g4 hxg4+ 43.Kg3 Qf3+ 0-1

[Event "VII Festival A"]
[Site "Trieste ITA"]
[Date "2005.09.03"]
[Round "1"]
[White "Bevilacqua, Andrea"]
[Black "Drazic, Sinisa"]
[Result "0-1"]
[WhiteElo "1978"]
[BlackElo "2497"]
[PlyCount "104"]
[EventDate "2005.09.03"]

1.e4 e6 2.d4 d5 3.exd5 Qxd5 4.Nf3 Nf6 5.c4 Qd8 6.Nc3 b6 7.Be2 Bb7 8.h3 
Nbd7 9.Be3 a6 10.O-O Bd6 11.a3 O-O 12.b4 Re8 13.c5 Bf8 14.Qc2 h6 15.Rfd1 
Nd5 16.Nxd5 Bxd5 17.Ne5 Nxe5 18.dxe5 bxc5 19.bxc5 Qh4 20.Rd4 Qe7 21.Ra4 
Qd7 22.Rxa6 Rxa6 23.Bxa6 Bxg2 24.Kxg2 Qc6+ 25.Kh2 Qxa6 26.Rg1 Qxa3 27.Bxh6
Rd8 28.Qc4 Qf3 29.Qh4 Rd3 30.Be3 Qd5 31.Qg5 g6 32.Rb1 Qe4 33.Rg1 Bg7 34.
Bf4 Rd5 35.Ra1 Rxe5 36.Ra8+ Kh7 37.Bxe5 Bxe5+ 38.Kg1 f6 39.Qg2 Qe1+ 40.Qf1
Bh2+ 41.Kg2 Qe4+ 42.Kxh2 Qxa8 43.Qe2 Qd5 44.Qe3 e5 45.Qa3 Qd4 46.Kg1 Kh6 
47.c6 Qd1+ 48.Kh2 Qc2 49.Qf8+ Kg5 50.h4+ Kf5 51.Qc8+ Kf4 52.Kg1 Qxc6 0-1

[Event "VII Festival A"]
[Site "Trieste ITA"]
[Date "2005.09.03"]
[Round "1"]
[White "Bosiocic, Marin"]
[Black "Brunello, Marina"]
[Result "1-0"]
[WhiteElo "2381"]
[BlackElo "1667"]
[PlyCount "69"]
[EventDate "2005.09.03"]

1.d4 d5 2.c4 e6 3.Nc3 Nf6 4.Nf3 Be7 5.Bf4 Nbd7 6.e3 O-O 7.a3 dxc4 8.Bxc4 
c5 9.O-O a6 10.a4 b6 11.d5 exd5 12.Nxd5 Nxd5 13.Bxd5 Ra7 14.Qb3 Bb7 15.
Rfd1 Bxd5 16.Rxd5 Qc8 17.Rd2 Rb7 18.Rad1 Nf6 19.Qc2 c4 20.e4 b5 21.e5 Nd7 
22.Ng5 g6 23.e6 fxe6 24.Nxe6 Rf6 25.Qe4 Nb6 26.Rd8+ Bxd8 27.Rxd8+ Qxd8 28.
Nxd8 Rd7 29.Qe8+ Rf8 30.Qe6+ Kg7 31.Be5+ Kh6 32.Qh3+ Kg5 33.f4+ Rxf4 34.
Bxf4+ Kxf4 35.Qf3+ 1-0

[Event "VII Festival A"]
[Site "Trieste ITA"]
[Date "2005.09.03"]
[Round "1"]
[White "Brunello, Roberta"]
[Black "Tratar, Marko"]
[Result "0-1"]
[WhiteElo "1837"]
[BlackElo "2419"]
[PlyCount "54"]
[EventDate "2005.09.03"]

1.e4 c5 2.Nf3 e6 3.d4 cxd4 4.Nxd4 Nf6 5.Nc3 d6 6.Be3 a6 7.f3 b5 8.Qd2 Bb7 
9.g4 Nfd7 10.O-O-O Nb6 11.h4 N8d7 12.g5 b4 13.Nb1 d5 14.exd5 Nxd5 15.h5 
Qc7 16.Bh3 Nxe3 17.Qxe3 Qe5 18.Qd2 Bc5 19.Nf5 O-O-O 20.Rhe1 Qc7 21.Nd6+ 
Bxd6 22.Qxd6 Nc5 23.Qxc7+ Kxc7 24.Rxd8 Rxd8 25.Nd2 Rd4 26.Bg4 h6 27.gxh6 
gxh6 0-1